000 00373nam a2200145Ia 4500
008 191201s2004 xx 000 0 und d
082 _a658.5
_bMAI
100 _aMAHAJAN, M S
245 0 _aIndustrial Engineering and Production Management
250 _a2nd
260 _aN.Delhi
_bDhanpat Rai Pub (P) Ltd
_c2004
300 _a910
650 _aB.Tech(ME)
942 _2ddc
_cBK
999 _c1747
_d1747